000 nam a22 7a 4500
999 _c232773
_d232773
003 Nust
005 20170223115752.0
008 170223b xxu||||| |||| 00| 0 eng d
040 _cDLC
082 _a891.421 HUS
245 _aدامن دے موتی
_cحسین،سائیں اختر
260 _aLahore :
300 _a163p. :
_c26cm
942 _2ddc
_cBK